NFL Teams By Picture Clue - Statistics

General Stats
  • This quiz has been taken 279 times
  • The average score is 25 of 32
Answer Stats
Picture Answer % Correct
Miami Dolphins
99%
New York Jets
98%
New England Patriots
95%
Baltimore Ravens
93%
Jacksonville Jaguars
93%
Cincinnati Bengals
89%
Chicago Bears
87%
Cleveland Browns
87%
Detroit Lions
87%
Philadelphia Eagles
87%
Houston Texans
85%
Arizona Cardinals
84%
Los Angeles Rams
83%
Denver Broncos
82%
Indianapolis Colts
81%
Kansas City Chiefs
81%
Atlanta Falcons
79%
Carolina Panthers
79%
Dallas Cowboys
77%
Seattle Seahawks
77%
Pittsburgh Steelers
75%
New Orleans Saints
73%
San Francisco 49ers
72%
Tampa Bay Buccaneers
72%
Minnesota Vikings
68%
Washington Commanders
66%
Green Bay Packers
65%
Tennessee Titans
63%
Las Vegas Raiders
62%
Los Angeles Chargers
61%
Buffalo Bills
60%
New York Giants
59%
No matching quizzes found
Score Distribution
Percent of People with Each Score
Percentile by Number Answered
Your Score History
You have not taken this quiz